| 000 | 00541nam a22001937a 4500 | ||
|---|---|---|---|
| 005 | 20171101154008.0 | ||
| 010 | _aENG-120966 | ||
| 020 | _c1495.00 | ||
| 035 | _aEN-104498 | ||
| 037 | _bDBAD/PUB | ||
| 082 | _a881 | ||
| 100 | _aBakshi, Minu | ||
| 245 |
_aMauj-e-saraab: _cby Minu Bakshi; translated by Nyla Daud _bghazals / |
||
| 260 |
_aNew Delhi _bRupa _c2017 |
||
| 270 |
_a7/16, Anasri Road, Daryaganj _bNew Delhi _e110002 |
||
| 300 |
_a228p. _c22cm(pbk) _bill |
||
| 700 | _aNyla Daud | ||
| 942 |
_2ddc _cEN _h881 _mBAK |
||
| 999 |
_c146458 _d146458 |
||